Vista normal Vista MARC

Entrada Topical Term

Número de registros utilizados en: 1

001 - CONTROL NUMBER

  • control field: 36418

003 - CONTROL NUMBER IDENTIFIER

  • control field: OSt

005 - DATE AND TIME OF LATEST TRANSACTION

  • control field: 20210323110427.0

008 - FIXED-LENGTH DATA ELEMENTS

  • fixed length control field: 210323|| aca||aabn | a|a d

040 ## - CATALOGING SOURCE

  • Original cataloging agency: OSt
  • Transcribing agency: OSt

150 ## - HEADING--TOPICAL TERM

  • Topical term or geographic name entry element: Paisajes
  • Form subdivision: Zona Cafetera
  • General subdivision: Fotografías
  • Geographic subdivision: Colombia

670 ## - SOURCE DATA FOUND

  • Source citation: Work cat.: (OSt): Federación Nacional de Cafeteros de Colombia. 36376, Proyecto Colombia cafetera sostenible es una asociación público privada para la convivencia pacífica y el desarrollo sostenible en la zona rural cafetera de la serranía del Perijá (2009-2012) =, 2013.